[Event "43. Olimpiada Batumi 2018 Femenina"]
[Site "Batumi GEO"]
[Date "2018.10.03"]
[Round "9.2"]
[White "Vanduyfhuys, Daria"]
[Black "Sakai, Azumi"]
[Result "1-0"]
[WhiteElo "2058"]
[BlackElo "1713"]
[PlyCount "124"]
[EventDate "2018.09.24"]
[EventType "team-swiss"]
[EventRounds "11"]
[EventCountry "GEO"]
[SourceTitle "Ajedrez en Madrid"]
[Source "lmi"]
[SourceDate "2018.09.24"]
[WhiteTeam "Belgium"]
[BlackTeam "Japan"]
[WhiteTeamCountry "BEL"]
[BlackTeamCountry "JPN"]

1. d4 d5 2. c4 e6 3. Nf3 c6 4. Nc3 dxc4 5. e3 b5 6. a4 Bb4 7. Bd2 a5 8. axb5
Bxc3 9. Bxc3 cxb5 10. b3 Bb7 11. bxc4 b4 12. Bb2 Nf6 13. Bd3 O-O 14. O-O Nbd7
15. Nd2 Qc7 16. f4 Rfd8 17. Qc2 Nf8 18. e4 Rac8 19. Qa4 Ra8 20. Qd1 Qc6 21. Rf3
Qb6 22. Rh3 Rxd4 23. Bxd4 Qxd4+ 24. Kf1 Bxe4 25. Nxe4 Nxe4 26. Rf3 f5 27. Bxe4
Qxe4 28. Qd3 Qc6 29. Qb3 Nd7 30. Rg3 Nc5 31. Qb2 g6 32. Re3 Ne4 33. Rc1 Kf7 34.
Rh3 h5 35. Rd3 Qc7 36. g3 Qc6 37. Kg1 Qc5+ 38. Kg2 Qc6 39. Kg1 Nc5 40. Rd4 Qb6
41. Rcd1 a4 42. Rd6 Nd3+ 43. Rxb6 Nxb2 44. Rd7+ Kf6 45. Rbb7 Rf8 46. Rxb4 a3
47. Ra7 Nd3 48. Rb5 Nb2 49. c5 Nc4 50. Rb4 Ne3 51. h4 Nd5 52. Rbb7 Nc3 53. c6
Nd5 54. Rxa3 Ne7 55. Ra6 Rc8 56. Raa7 Re8 57. Rd7 e5 58. fxe5+ Ke6 59. Rxe7+
Rxe7 60. Rxe7+ Kxe7 61. Kf2 Ke6 62. Kf3 Ke7 1-0

[Event "43. Olimpiada Batumi 2018 Femenina"]
[Site "Batumi GEO"]
[Date "2018.10.03"]
[Round "9.3"]
[White "Kojima, Natsumi"]
[Black "Barbier, Astrid"]
[Result "1/2-1/2"]
[WhiteElo "1655"]
[BlackElo "1894"]
[PlyCount "175"]
[EventDate "2018.09.24"]
[EventType "team-swiss"]
[EventRounds "11"]
[EventCountry "GEO"]
[SourceTitle "Ajedrez en Madrid"]
[Source "lmi"]
[SourceDate "2018.09.24"]
[WhiteTeam "Japan"]
[BlackTeam "Belgium"]
[WhiteTeamCountry "JPN"]
[BlackTeamCountry "BEL"]

1. e4 b6 2. d4 Bb7 3. Nc3 e6 4. Bd3 Nf6 5. Nge2 c5 6. O-O Be7 7. dxc5 Bxc5 8.
Ng3 Nc6 9. Re1 d5 10. exd5 Nxd5 11. Qg4 Nxc3 12. Qxg7 Bd4 13. Rxe6+ fxe6 14.
Qxb7 Qc8 15. Ba6 Ne7 16. Qf3 Qd8 17. bxc3 Bxf2+ 18. Kxf2 Qd5 19. Qxd5 Nxd5 20.
Ne4 Kd7 21. Bd2 Raf8+ 22. Ke2 Nf4+ 23. Bxf4 Rxf4 24. Bd3 h6 25. Re1 Rc8 26. Ke3
Rff8 27. Kd2 e5 28. Ng3 Rc5 29. Ne4 Ra5 30. Bc4 Ke7 31. Ke3 Rf4 32. g3 Rg4 33.
Nf2 Rxc4 34. Kd3 Rcc5 35. Ne4 Rd5+ 36. Kc4 Ke6 37. Re2 Rd8 38. Kb3 Rad5 39. Nf2
Rg8 40. Nd3 Kd6 41. c4 Ra5 42. a4 Re8 43. Re4 Rf8 44. Re1 Rf5 45. Kb4 Rh5 46.
c5+ Rxc5 47. Nxc5 bxc5+ 48. Kb5 Rxh2 49. Rd1+ Kc7 50. c4 e4 51. Kxc5 e3 52. Re1
e2 53. Kd4 Rg2 54. Kd3 Rxg3+ 55. Kxe2 Rc3 56. Rh1 Rxc4 57. Rxh6 Rxa4 58. Kd3
Rb4 59. Kc3 Rb1 60. Kc2 Rb5 61. Rg6 Kb7 62. Rf6 Rb6 63. Rf5 Ka6 64. Rh5 Rb4 65.
Rh1 Kb5 66. Rb1 a5 67. Rg1 Rc4+ 68. Kb3 a4+ 69. Ka3 Rc3+ 70. Ka2 Rd3 71. Rg5+
Kb4 72. Rg4+ Kc3 73. Rg1 Kc2 74. Rg2+ Kd1 75. Rg1+ Ke2 76. Rg2+ Kf3 77. Rb2 Ke3
78. Rb4 Kd2 79. Rb1 Kc2 80. Rg1 a3 81. Rg2+ Kd1 82. Rg1+ Ke2 83. Rg2+ Kf3 84.
Rh2 Ke4 85. Rh4+ Kd5 86. Ra4 Kc5 87. Rxa3 Rd2+ 88. Kb1 1/2-1/2

[Event "43. Olimpiada Batumi 2018 Femenina"]
[Site "Batumi GEO"]
[Date "2018.10.03"]
[Round "9.4"]
[White "Cuvelier, Annelies"]
[Black "Hoshino, Meilin"]
[Result "0-1"]
[WhiteElo "1809"]
[BlackElo "1533"]
[PlyCount "74"]
[EventDate "2018.09.24"]
[EventType "team-swiss"]
[EventRounds "11"]
[EventCountry "GEO"]
[SourceTitle "Ajedrez en Madrid"]
[Source "lmi"]
[SourceDate "2018.09.24"]
[WhiteTeam "Belgium"]
[BlackTeam "Japan"]
[WhiteTeamCountry "BEL"]
[BlackTeamCountry "JPN"]

1. e4 d5 2. exd5 Qxd5 3. Nc3 Qa5 4. d4 Nf6 5. Bc4 c6 6. Bd2 Qb6 7. Nge2 Qxb2 8.
Rb1 Qa3 9. Ne4 Nxe4 10. Bb4 Qa4 11. Qd3 Bf5 12. Qf3 e6 13. Bxf8 Rxf8 14. Bd3
Qa5+ 15. c3 Nxc3 16. Nxc3 Qxc3+ 17. Ke2 Bxd3+ 18. Qxd3 Qxd3+ 19. Kxd3 b6 20.
Rhc1 Kd7 21. a4 Kc7 22. f4 f5 23. a5 Nd7 24. Rb2 Kd6 25. g3 Rab8 26. a6 c5 27.
Rbc2 Rfc8 28. h4 b5 29. Ke2 c4 30. Kf3 Nf6 31. Re1 Kd5 32. Re5+ Kd6 33. Rce2
Re8 34. Rc2 Ng4 35. Re1 Rb6 36. Rb1 Kd5 37. Rbc1 Rxa6 0-1

[Event "43. Olimpiada Batumi 2018 Femenina"]
[Site "Batumi GEO"]
[Date "2018.10.03"]
[Round "9.1"]
[White "Rania, Sbai"]
[Black "February, Jesse Nikki"]
[Result "0-1"]
[WhiteElo "1893"]
[BlackElo "1933"]
[PlyCount "60"]
[EventDate "2018.09.24"]
[EventType "team-swiss"]
[EventRounds "11"]
[EventCountry "GEO"]
[SourceTitle "Ajedrez en Madrid"]
[Source "lmi"]
[SourceDate "2018.09.24"]
[WhiteTeam "Morocco"]
[BlackTeam "South Africa"]
[WhiteTeamCountry "MAR"]
[BlackTeamCountry "RSA"]

1. d4 d5 2. c4 e6 3. Nc3 Nf6 4. cxd5 Nxd5 5. e4 Nxc3 6. bxc3 c5 7. d5 exd5 8.
exd5 Qf6 9. Qf3 Bf5 10. Bb5+ Nd7 11. Ne2 Be7 12. g4 a6 13. Bxd7+ Bxd7 14. Qxf6
Bxf6 15. h3 Bb5 16. g5 Be5 17. Be3 O-O-O 18. Bxc5 Rxd5 19. Be3 Re8 20. Rd1 Bc4
21. Rxd5 Bxd5 22. O-O Bxa2 23. Ra1 Be6 24. Kg2 Bd5+ 25. Kg1 f5 26. Ra5 Bf3 27.
Nd4 Bxd4 28. Bxd4 Re1+ 29. Kh2 f4 30. Rc5+ Kd7 0-1

[Event "43. Olimpiada Batumi 2018 Femenina"]
[Site "Batumi GEO"]
[Date "2018.10.03"]
[Round "9.2"]
[White "Bouah, Denise"]
[Black "Mayar ElIdrissi, Firdaous"]
[Result "1-0"]
[WhiteElo "1780"]
[BlackElo "1797"]
[PlyCount "103"]
[EventDate "2018.09.24"]
[EventType "team-swiss"]
[EventRounds "11"]
[EventCountry "GEO"]
[SourceTitle "Ajedrez en Madrid"]
[Source "lmi"]
[SourceDate "2018.09.24"]
[WhiteTeam "South Africa"]
[BlackTeam "Morocco"]
[WhiteTeamCountry "RSA"]
[BlackTeamCountry "MAR"]

1. e4 c5 2. Nf3 Nc6 3. d4 cxd4 4. Nxd4 g6 5. c4 Bg7 6. Be3 Nf6 7. Nc3 d6 8. Be2
O-O 9. Qd2 Ng4 10. Bxg4 Bxg4 11. f3 Bd7 12. O-O Qa5 13. Rfd1 Qh5 14. Nd5 Bxd4
15. Bxd4 f5 16. exf5 Qxf5 17. Bc3 Be6 18. Nc7 Rac8 19. Nxe6 Qxe6 20. b3 Qf5 21.
Re1 Qc5+ 22. Kh1 Rf5 23. Re4 g5 24. Rae1 a5 25. Re6 Rcf8 26. h4 Rf4 27. R1e4
R8f7 28. Qd5 R4f5 29. Qxc5 Rxc5 30. Rg4 Rff5 31. Bd2 Kf7 32. Rh6 gxh4 33. Rgxh4
Rce5 34. Rxh7+ Ke8 35. Bc3 Re2 36. Re4 Rxa2 37. Re3 Rg5 38. g4 Rc2 39. Bf6 Rg8
40. Bxe7 Kd7 41. Bf6+ Kc8 42. g5 Rd2 43. Rh8 Rxh8+ 44. Bxh8 Kd7 45. Bf6 d5 46.
cxd5 Rxd5 47. g6 Rh5+ 48. Kg2 Rh6 49. g7 Rg6+ 50. Kf2 Nb4 51. Re7+ Kc6 52. Re8
1-0

[Event "43. Olimpiada Batumi 2018 Femenina"]
[Site "Batumi GEO"]
[Date "2018.10.03"]
[Round "9.3"]
[White "Makhlouf, Ahlam"]
[Black "Fisher, Michelle M"]
[Result "0-1"]
[WhiteElo "1408"]
[BlackElo "1707"]
[PlyCount "98"]
[EventDate "2018.09.24"]
[EventType "team-swiss"]
[EventRounds "11"]
[EventCountry "GEO"]
[SourceTitle "Ajedrez en Madrid"]
[Source "lmi"]
[SourceDate "2018.09.24"]
[WhiteTeam "Morocco"]
[BlackTeam "South Africa"]
[WhiteTeamCountry "MAR"]
[BlackTeamCountry "RSA"]

1. e4 e5 2. Nf3 Nc6 3. Bc4 Nf6 4. d3 Be7 5. O-O d6 6. h3 O-O 7. c3 Na5 8. Bb3
Nxb3 9. Qxb3 h6 10. Be3 c6 11. Nbd2 Qc7 12. d4 Be6 13. Qc2 Nd7 14. Rfd1 d5 15.
c4 dxe4 16. Nxe4 f5 17. Nc5 Nxc5 18. dxc5 f4 19. Bd2 Bxc5 20. Bc3 Bf5 21. Qe2
e4 22. Nh4 f3 23. Qf1 Bxh3 24. gxh3 Qg3+ 25. Ng2 fxg2 26. Qxg2 Qxg2+ 27. Kxg2
Rxf2+ 28. Kh1 e3 29. Rd7 Rf7 30. Rad1 Raf8 31. Rxf7 Rxf7 32. Re1 Rf2 33. b4 Rc2
34. Be5 Bxb4 35. Rxe3 Rxc4 36. Rb3 b5 37. Rg3 g5 38. Rd3 Rc1+ 39. Kg2 Rc2+ 40.
Kf3 Rd2 41. Rxd2 Bxd2 42. Bd4 a5 43. Bc5 Kf7 44. Kg4 Bb4 45. Bd4 c5 46. Bb2 c4
47. Kh5 c3 48. Bc1 Kg7 49. a3 Bd6 0-1

[Event "43. Olimpiada Batumi 2018 Femenina"]
[Site "Batumi GEO"]
[Date "2018.10.03"]
[Round "9.4"]
[White "Selkirk, Rebecca"]
[Black "Alaoui Belghiti, Chaimaa"]
[Result "0-1"]
[WhiteElo "1733"]
[BlackElo "1689"]
[PlyCount "46"]
[EventDate "2018.09.24"]
[EventType "team-swiss"]
[EventRounds "11"]
[EventCountry "GEO"]
[SourceTitle "Ajedrez en Madrid"]
[Source "lmi"]
[SourceDate "2018.09.24"]
[WhiteTeam "South Africa"]
[BlackTeam "Morocco"]
[WhiteTeamCountry "RSA"]
[BlackTeamCountry "MAR"]

1. e4 c6 2. d4 d5 3. exd5 cxd5 4. c4 Nf6 5. Nc3 Nc6 6. Nf3 e6 7. c5 Be7 8. a3
a5 9. Na4 O-O 10. Bd3 Ne4 11. O-O Qc7 12. Nb6 Ra7 13. Qc2 f5 14. Bd2 Bf6 15.
Bc3 Qf7 16. b4 Qh5 17. b5 Ne7 18. Nd2 Bg5 19. f4 Bf6 20. Nb3 Qg4 21. Bxa5 Rxa5
22. Nxa5 Bxd4+ 23. Kh1 Ng3+ 0-1

[Event "43. Olimpiada Batumi 2018 Femenina"]
[Site "Batumi GEO"]
[Date "2018.10.03"]
[Round "9.1"]
[White "Cordero, Daniela"]
[Black "Sanchez Castillo, Sarai Carolina"]
[Result "0-1"]
[WhiteElo "2082"]
[BlackElo "2137"]
[PlyCount "50"]
[EventDate "2018.09.24"]
[EventType "team-swiss"]
[EventRounds "11"]
[EventCountry "GEO"]
[SourceTitle "Ajedrez en Madrid"]
[Source "lmi"]
[SourceDate "2018.09.24"]
[WhiteTeam "Bolivia"]
[BlackTeam "Venezuela"]
[WhiteTeamCountry "BOL"]
[BlackTeamCountry "VEN"]

1. d4 d5 2. Nf3 c6 3. c4 dxc4 4. e4 b5 5. a4 Nf6 6. Qc2 e6 7. axb5 cxb5 8. b3
Nc6 9. Nbd2 Nxd4 10. Nxd4 Qxd4 11. Bb2 Qb6 12. bxc4 Ng4 13. O-O-O Nxf2 14. Be2
Nxh1 15. Nb3 Qe3+ 16. Kb1 Bb7 17. c5 Bc6 18. Na5 Nf2 19. Rd4 e5 20. Nxc6 exd4
21. Bxb5 a6 22. Qa4 Bxc5 23. Ne5+ Ke7 24. Bc6 Rab8 25. Qc4 Rxb2+ 0-1

[Event "43. Olimpiada Batumi 2018 Femenina"]
[Site "Batumi GEO"]
[Date "2018.10.03"]
[Round "9.2"]
[White "Hernandez Bonilla, Amelia"]
[Black "Monroy G., Nataly A"]
[Result "0-1"]
[WhiteElo "2044"]
[BlackElo "1961"]
[PlyCount "96"]
[EventDate "2018.09.24"]
[EventType "team-swiss"]
[EventRounds "11"]
[EventCountry "GEO"]
[SourceTitle "Ajedrez en Madrid"]
[Source "lmi"]
[SourceDate "2018.09.24"]
[WhiteTeam "Venezuela"]
[BlackTeam "Bolivia"]
[WhiteTeamCountry "VEN"]
[BlackTeamCountry "BOL"]

1. e4 c5 2. Nc3 Nc6 3. g3 g6 4. Bg2 Bg7 5. d3 e6 6. Be3 d6 7. Qd2 Rb8 8. Nge2
b5 9. d4 b4 10. Nd1 cxd4 11. Nxd4 Nge7 12. Nxc6 Nxc6 13. O-O O-O 14. Bh6 Bxh6
15. Qxh6 Ba6 16. Re1 Qf6 17. f4 Nd4 18. Ne3 Qg7 19. Qg5 f5 20. exf5 gxf5 21.
Qxg7+ Kxg7 22. Rad1 e5 23. fxe5 dxe5 24. Nd5 Ne2+ 25. Kf2 f4 26. gxf4 Nxf4 27.
Nxf4 Rxf4+ 28. Ke3 Bc4 29. Rd7+ Rf7 30. Rxf7+ Bxf7 31. Rd1 Rc8 32. Be4 Rc7 33.
Rg1+ Bg6 34. Bxg6 hxg6 35. Kd3 Kf6 36. Rg4 a5 37. Rc4 Rxc4 38. Kxc4 Kf5 39. Kd3
Kf4 40. Ke2 a4 41. c4 bxc3 42. bxc3 Ke4 43. a3 Kd5 44. h4 Kc4 45. Kd2 Kb3 46.
Kd3 Kxa3 47. Kc2 e4 48. c4 Kb4 0-1

[Event "43. Olimpiada Batumi 2018 Femenina"]
[Site "Batumi GEO"]
[Date "2018.10.03"]
[Round "9.3"]
[White "Molina, Jessica"]
[Black "Rovira Contreras, Tairu Manuela"]
[Result "0-1"]
[WhiteElo "1806"]
[BlackElo "2033"]
[PlyCount "100"]
[EventDate "2018.09.24"]
[EventType "team-swiss"]
[EventRounds "11"]
[EventCountry "GEO"]
[SourceTitle "Ajedrez en Madrid"]
[Source "lmi"]
[SourceDate "2018.09.24"]
[WhiteTeam "Bolivia"]
[BlackTeam "Venezuela"]
[WhiteTeamCountry "BOL"]
[BlackTeamCountry "VEN"]

1. d4 Nf6 2. c4 g6 3. Nc3 Bg7 4. e4 d6 5. f3 O-O 6. Be3 c5 7. d5 e6 8. Nge2
exd5 9. cxd5 Qa5 10. Qd2 Nbd7 11. Ng3 h5 12. Be2 a6 13. O-O b5 14. a4 b4 15.
Nd1 Kh7 16. Bg5 Ng8 17. f4 f6 18. Bh4 Bh6 19. Qd3 Qb6 20. Kh1 a5 21. b3 Ba6 22.
Qc2 Rae8 23. Ne3 Bxe2 24. Nxe2 f5 25. Nc4 Qc7 26. Ng3 fxe4 27. Nxe4 Bxf4 28.
Rxf4 Rxf4 29. Ng5+ Kg7 30. Bg3 Rf6 31. Ne4 Ne5 32. Bxe5 dxe5 33. d6 Qd8 34.
Nxf6 Nxf6 35. Re1 Ng4 36. Qe2 e4 37. h3 Nh6 38. Qb2+ Kh7 39. Qf2 Qg5 40. Rd1
Nf5 41. d7 Rd8 42. Kh2 e3 43. Qf3 Qe7 44. g4 e2 45. Re1 Nd4 46. Qg3 h4 47. Qg2
Rxd7 48. Nxa5 Qe3 49. Kh1 Qc3 50. Qf2 Qxh3+ 0-1

[Event "43. Olimpiada Batumi 2018 Femenina"]
[Site "Batumi GEO"]
[Date "2018.10.03"]
[Round "9.4"]
[White "Patino Garcia, Corals"]
[Black "Mendoza, Samantha"]
[Result "1/2-1/2"]
[WhiteElo "2023"]
[BlackElo "1763"]
[PlyCount "120"]
[EventDate "2018.09.24"]
[EventType "team-swiss"]
[EventRounds "11"]
[EventCountry "GEO"]
[SourceTitle "Ajedrez en Madrid"]
[Source "lmi"]
[SourceDate "2018.09.24"]
[WhiteTeam "Venezuela"]
[BlackTeam "Bolivia"]
[WhiteTeamCountry "VEN"]
[BlackTeamCountry "BOL"]

1. d4 Nf6 2. c4 g6 3. Nf3 Bg7 4. g3 d6 5. Bg2 O-O 6. O-O Nbd7 7. Nc3 Re8 8. b3
e5 9. e3 a6 10. Bb2 Rb8 11. Rc1 exd4 12. exd4 b5 13. cxb5 axb5 14. Qd3 b4 15.
Na4 Nb6 16. Nxb6 Rxb6 17. Qc2 c6 18. Rfe1 Bf5 19. Rxe8+ Qxe8 20. Qd2 Be4 21.
Ne1 Bxg2 22. Kxg2 Qe4+ 23. f3 Qd5 24. Nd3 Qb5 25. Rc4 Nd5 26. h4 h5 27. Bc1 Qa6
28. Kh3 Qc8+ 29. Kh2 Qa6 30. Qc2 Qc8 31. Bd2 Qb7 32. Qc1 Kh7 33. Be1 Bf8 34.
Qd2 Nc3 35. Qc2 d5 36. Nc5 Qc7 37. Rxb4 Rxb4 38. Qxc3 Bxc5 39. Qxc5 Rb7 40. Ba5
Qc8 41. Qd6 Rd7 42. Qe5 Qf8 43. Qf6 Ra7 44. b4 Qe8 45. g4 Qe2+ 46. Kg3 hxg4 47.
Kxg4 Re7 48. Bd8 Qe6+ 49. Qxe6 Rxe6 50. a4 Kg7 51. a5 Re8 52. Bb6 Ra8 53. Kf4
Kf6 54. Kg4 Kg7 55. Kf4 Kf6 56. Kg4 Kg7 57. Kf4 f6 58. Kg4 Kh6 59. Bc5 Kg7 60.
Bb6 Kf7 1/2-1/2

[Event "43. Olimpiada Batumi 2018 Femenina"]
[Site "Batumi GEO"]
[Date "2018.10.03"]
[Round "9.1"]
[White "Maksimovic, Masa"]
[Black "Nabaa, Sami Abbas Al-Attra"]
[Result "1-0"]
[WhiteElo "2130"]
[BlackElo "1831"]
[PlyCount "93"]
[EventDate "2018.09.24"]
[EventType "team-swiss"]
[EventRounds "11"]
[EventCountry "GEO"]
[SourceTitle "Ajedrez en Madrid"]
[Source "lmi"]
[SourceDate "2018.09.24"]
[WhiteTeam "Bosnia & Herzegovina"]
[BlackTeam "Iraq"]
[WhiteTeamCountry "BIH"]
[BlackTeamCountry "IRQ"]

1. e4 e6 2. d4 d5 3. Nc3 Nf6 4. e5 Nfd7 5. f4 c5 6. Nf3 Nc6 7. Be3 Qb6 8. Na4
Qa5+ 9. c3 cxd4 10. b4 Qc7 11. Nxd4 Nxd4 12. Bxd4 Be7 13. Bd3 b6 14. Qe2 a5 15.
a3 O-O 16. O-O Rb8 17. Rae1 axb4 18. axb4 f5 19. exf6 Nxf6 20. Qe3 b5 21. Nc5
Bxc5 22. Bxc5 Re8 23. Bd4 Qd8 24. Ra1 Rb7 25. Ra5 Bd7 26. Qe2 Qe7 27. Bxb5 Bxb5
28. Rxb5 Ne4 29. Rxb7 Qxb7 30. Qg4 Qf7 31. Ra1 h6 32. Qh4 Re7 33. Qg4 Kh7 34.
b5 Nd2 35. Re1 Nb3 36. Bf2 Nd2 37. b6 Ne4 38. Bd4 Rb7 39. Ra1 Nf6 40. Qg3 Ne4
41. Qe3 Qd7 42. c4 Qc6 43. c5 Qb5 44. Rc1 Qc6 45. Qa3 Rb8 46. Ra1 Qc8 47. Qb4
1-0

[Event "43. Olimpiada Batumi 2018 Femenina"]
[Site "Batumi GEO"]
[Date "2018.10.03"]
[Round "9.2"]
[White "A-Ali, Sali Abbas Abdulzah"]
[Black "Mahmutbegovic, Nadina"]
[Result "0-1"]
[WhiteElo "1848"]
[BlackElo "1946"]
[PlyCount "78"]
[EventDate "2018.09.24"]
[EventType "team-swiss"]
[EventRounds "11"]
[EventCountry "GEO"]
[SourceTitle "Ajedrez en Madrid"]
[Source "lmi"]
[SourceDate "2018.09.24"]
[WhiteTeam "Iraq"]
[BlackTeam "Bosnia & Herzegovina"]
[WhiteTeamCountry "IRQ"]
[BlackTeamCountry "BIH"]

1. e4 e5 2. Bc4 Nf6 3. d3 Nc6 4. Nf3 Be7 5. c3 O-O 6. O-O d6 7. h3 Na5 8. Bb5
a6 9. Ba4 b5 10. Bc2 c5 11. d4 Qc7 12. d5 Nd7 13. Nbd2 Nb6 14. b3 f5 15. a4 f4
16. Bb2 bxa4 17. b4 Nac4 18. Nxc4 Nxc4 19. Qc1 Rb8 20. Rxa4 g5 21. Nh2 f3 22.
Nxf3 Rxf3 23. gxf3 Qd7 24. Re1 Qxh3 25. Bd3 g4 26. Bf1 Qh4 27. fxg4 Bg5 28. Qc2
Bxg4 29. Bg2 Nd2 30. Bc1 Nf3+ 31. Kf1 Nh2+ 32. Kg1 Nf3+ 33. Kf1 Bxc1 34. Rxc1
Rf8 35. bxc5 Qh2 36. Bxf3 Rxf3 37. Qb2 Bh3+ 38. Ke1 Qg1+ 39. Kd2 Qxf2+ 0-1

[Event "43. Olimpiada Batumi 2018 Femenina"]
[Site "Batumi GEO"]
[Date "2018.10.03"]
[Round "9.3"]
[White "Tomic, Jelena"]
[Black "Al-Fayyadh, Yamama Asif Abdula"]
[Result "1/2-1/2"]
[WhiteElo "1921"]
[BlackElo "1604"]
[PlyCount "155"]
[EventDate "2018.09.24"]
[EventType "team-swiss"]
[EventRounds "11"]
[EventCountry "GEO"]
[SourceTitle "Ajedrez en Madrid"]
[Source "lmi"]
[SourceDate "2018.09.24"]
[WhiteTeam "Bosnia & Herzegovina"]
[BlackTeam "Iraq"]
[WhiteTeamCountry "BIH"]
[BlackTeamCountry "IRQ"]

1. e4 e5 2. Nf3 Nc6 3. Bb5 a6 4. Ba4 Nf6 5. O-O Be7 6. Re1 b5 7. Bb3 d6 8. c3
O-O 9. h3 Na5 10. Bc2 c5 11. d4 Qc7 12. Nbd2 Re8 13. d5 Bd7 14. Qe2 Bf8 15. Nf1
g6 16. Ng3 Bg7 17. b3 Nb7 18. Be3 Rec8 19. Rab1 b4 20. c4 Rf8 21. Bg5 Rae8 22.
Qd2 Kh8 23. Bh6 Ng8 24. Bxg7+ Kxg7 25. Nh2 Qd8 26. f4 Qh4 27. Ne2 f6 28. Rf1
Kh8 29. Rf3 Qh6 30. Ng3 Qg7 31. Rbf1 Nh6 32. fxe5 fxe5 33. Qg5 Kg8 34. Bd1 Nf7
35. Qe3 Nh6 36. Qf2 a5 37. Qe3 Nd8 38. Qg5 Nb7 39. Qe3 Bc8 40. Qg5 Nf7 41. Qe3
Nh6 42. Rxf8+ Rxf8 43. Rxf8+ Qxf8 44. Qg5 Nf7 45. Qf6 Nh6 46. Qg5 Nf7 47. Qh4
Qh6 48. Qxh6 Nxh6 49. Ngf1 Nd8 50. Ne3 Ndf7 51. h4 Kg7 52. Kf2 Kf6 53. g4 Ng8
54. Kg3 Bd7 55. Nf3 Ne7 56. Be2 Kg7 57. g5 h6 58. Bf1 h5 59. Nd1 Nc8 60. Nb2
Nb6 61. Bh3 Bxh3 62. Kxh3 Kf8 63. Nd2 Nd8 64. Kg3 Nb7 65. Kf2 Ke7 66. Ke3 Kd8
67. Kd3 Kc7 68. Nf1 Nd7 69. Ng3 Nf8 70. Nd1 Kd7 71. Kc2 Ke7 72. Nb2 Kd7 73. Nd1
Ke7 74. Ne3 Kf7 75. Kd3 Kg7 76. Ke2 Kf7 77. Kf3 Kg7 78. Ke2 1/2-1/2

[Event "43. Olimpiada Batumi 2018 Femenina"]
[Site "Batumi GEO"]
[Date "2018.10.03"]
[Round "9.4"]
[White "Al-Fayyadh, Zainab Asif Abdulah"]
[Black "Tomic, Vladanka"]
[Result "0-1"]
[WhiteElo "1705"]
[BlackElo "1862"]
[PlyCount "90"]
[EventDate "2018.09.24"]
[EventType "team-swiss"]
[EventRounds "11"]
[EventCountry "GEO"]
[SourceTitle "Ajedrez en Madrid"]
[Source "lmi"]
[SourceDate "2018.09.24"]
[WhiteTeam "Iraq"]
[BlackTeam "Bosnia & Herzegovina"]
[WhiteTeamCountry "IRQ"]
[BlackTeamCountry "BIH"]

1. e4 e5 2. Nf3 Nc6 3. Bb5 a6 4. Ba4 Nf6 5. O-O Be7 6. Re1 b5 7. Bb3 d6 8. c3
O-O 9. h3 Na5 10. Bc2 c5 11. d4 Qc7 12. Nbd2 Nc6 13. d5 Nd8 14. Nf1 Ne8 15. Ne3
g6 16. Nh2 f6 17. Neg4 Nf7 18. Nh6+ Nxh6 19. Bxh6 Ng7 20. Nf3 Rf7 21. Qd2 Bd7
22. Rad1 a5 23. Kh2 Bf8 24. Rg1 Nh5 25. g4 Bxh6 26. Qxh6 Nf4 27. Nh4 Qd8 28.
Rde1 Rg7 29. Re3 g5 30. Bd1 gxh4 31. Qxh4 Kh8 32. Be2 Qe7 33. Bf1 Rag8 34. Reg3
Rg5 35. Qxg5 fxg5 36. a3 Rg6 37. b4 axb4 38. axb4 c4 39. Re3 Qf6 40. Rgg3 h5
41. Be2 Nxe2 42. Rxe2 hxg4 43. hxg4 Rh6+ 44. Kg2 Rh4 45. f3 Qh6 0-1

[Event "43. Olimpiada Batumi 2018 Femenina"]
[Site "Batumi GEO"]
[Date "2018.10.03"]
[Round "9.1"]
[White "Abeysinghe, H M H Janandani"]
[Black "Ravelomanana, Sabine"]
[Result "1-0"]
[WhiteElo "1678"]
[BlackElo "1821"]
[PlyCount "93"]
[EventDate "2018.09.24"]
[EventType "team-swiss"]
[EventRounds "11"]
[EventCountry "GEO"]
[SourceTitle "Ajedrez en Madrid"]
[Source "lmi"]
[SourceDate "2018.09.24"]
[WhiteTeam "Sri Lanka"]
[BlackTeam "Madagascar"]
[WhiteTeamCountry "SRI"]
[BlackTeamCountry "MAD"]

1. e4 e5 2. Nf3 Nc6 3. Bc4 Nf6 4. Ng5 d5 5. exd5 Na5 6. Bb5+ c6 7. dxc6 bxc6 8.
Bd3 h6 9. Ne4 Nd5 10. O-O Be7 11. Nbc3 Nf4 12. Be2 O-O 13. d3 Ne6 14. Bf3 f5
15. Nd2 Nd4 16. Ne2 Nxf3+ 17. Nxf3 Qc7 18. Ng3 c5 19. Bd2 Nc6 20. Bc3 Bb7 21.
Re1 Bd6 22. Nh4 Ne7 23. Qe2 e4 24. dxe4 Bxg3 25. hxg3 fxe4 26. Qh5 Rf7 27. Ng6
Nxg6 28. Qxg6 Raf8 29. Qe6 Kh7 30. Be5 Qa5 31. Bf4 Rf6 32. Qc4 Qb6 33. Qc3 Rf5
34. Rad1 e3 35. Rxe3 Qc6 36. f3 R8f7 37. Rd6 Qb5 38. Ree6 Kg8 39. Bxh6 Rh5 40.
Bf4 c4 41. g4 Rd5 42. Be3 Rxd6 43. Rxd6 Qe8 44. Bxa7 Qa4 45. Rd8+ Kh7 46. Be3
Qxa2 47. Qe5 1-0

[Event "43. Olimpiada Batumi 2018 Femenina"]
[Site "Batumi GEO"]
[Date "2018.10.03"]
[Round "9.2"]
[White "Razafindrabiaza, Christine"]
[Black "Premanath, Dinushki"]
[Result "0-1"]
[WhiteElo "1668"]
[BlackElo "1813"]
[PlyCount "106"]
[EventDate "2018.09.24"]
[EventType "team-swiss"]
[EventRounds "11"]
[EventCountry "GEO"]
[SourceTitle "Ajedrez en Madrid"]
[Source "lmi"]
[SourceDate "2018.09.24"]
[WhiteTeam "Madagascar"]
[BlackTeam "Sri Lanka"]
[WhiteTeamCountry "MAD"]
[BlackTeamCountry "SRI"]

1. d4 Nf6 2. c4 e6 3. Nc3 Bb4 4. Bd2 b6 5. Nf3 Bb7 6. e3 O-O 7. Bd3 Bxc3 8.
Bxc3 Ne4 9. Rc1 d6 10. O-O Nd7 11. Bxe4 Bxe4 12. Nd2 Bb7 13. e4 f5 14. d5 Nc5
15. Qe2 Qg5 16. f4 Qh4 17. dxe6 Nxe4 18. Nxe4 Bxe4 19. Be1 Qe7 20. Rc3 Qxe6 21.
Rg3 Rf6 22. Rf2 Re8 23. Bc3 Rg6 24. Rh3 Rg4 25. Re3 Qh6 26. Qd2 Rxf4 27. Rxe4
Rfxe4 28. Qc2 Qe6 29. h3 f4 30. Qd2 Qxc4 31. b3 Qc5 32. Kh2 Qe3 33. Qd5+ Kh8
34. Rf3 Qc5 35. Qf7 Qg5 36. Bd4 Re2 37. Bf2 R2e7 38. Qc4 d5 39. Qc3 c5 40. Qc1
Re4 41. a3 Kg8 42. Qc3 Re2 43. Kh1 Qf5 44. Qc1 Rc2 45. Qf1 Qe4 46. Kh2 c4 47.
bxc4 dxc4 48. Qd1 c3 49. Qd6 Rd2 50. Qc7 c2 51. Rxf4 Qxf4+ 52. Qxf4 c1=Q 53.
Be3 Rxg2+ 0-1

[Event "43. Olimpiada Batumi 2018 Femenina"]
[Site "Batumi GEO"]
[Date "2018.10.03"]
[Round "9.3"]
[White "Ranasinghe, S D."]
[Black "Andriantsiferana, Irina"]
[Result "1-0"]
[WhiteElo "1785"]
[BlackElo "1540"]
[PlyCount "89"]
[EventDate "2018.09.24"]
[EventType "team-swiss"]
[EventRounds "11"]
[EventCountry "GEO"]
[SourceTitle "Ajedrez en Madrid"]
[Source "lmi"]
[SourceDate "2018.09.24"]
[WhiteTeam "Sri Lanka"]
[BlackTeam "Madagascar"]
[WhiteTeamCountry "SRI"]
[BlackTeamCountry "MAD"]

1. Nf3 c5 2. c4 Nc6 3. Nc3 d6 4. a3 Bf5 5. d4 e6 6. d5 exd5 7. Nxd5 Nge7 8. Nc3
g6 9. Bf4 Nc8 10. Qd2 a6 11. Bg5 Be7 12. Bxe7 N8xe7 13. Qe3 Be6 14. Ne4 Nf5 15.
Qc3 Nfd4 16. Nfd2 Qa5 17. Rc1 Qxc3 18. bxc3 Nf5 19. g4 Ng7 20. Nxd6+ Ke7 21.
Nxb7 Bxg4 22. Nxc5 Rhc8 23. Nd3 Kf8 24. Bg2 Ra7 25. Bd5 Rac7 26. f3 Be6 27. Kf2
Na5 28. Nb4 Bxd5 29. Nxd5 Rc5 30. e4 R8c6 31. h4 Nxc4 32. Nb3 Ne5 33. Nxc5 Rxc5
34. Rb1 Rc8 35. Rb6 Nd3+ 36. Ke3 Nc5 37. Rhb1 Nge6 38. Rb8 Rxb8 39. Rxb8+ Kg7
40. Ra8 Kh6 41. Kf2 Nd3+ 42. Kg3 Nec5 43. Nb4 Kg7 44. Nxd3 Nxd3 45. Rxa6 1-0